| 000 | 01013nam a2200289 a 4500 | ||
|---|---|---|---|
| 001 | 76002 | ||
| 003 | BD-RjUL | ||
| 005 | 20211209082756.0 | ||
| 008 | 191001s1947 enka b 001 0 eng d | ||
| 035 | _a(BD-RjUL)76221 | ||
| 035 | _a2498571 | ||
| 040 |
_aD2035 _beng _cD2035 _dNNCU:A _dBD-RjUL |
||
| 041 | _aeng | ||
| 082 | 0 | 4 |
_223 _a658.562 _bRIQ 1947 |
| 100 | 1 |
_aRissik, H. _9233385 |
|
| 245 | 1 | 0 |
_aQuality control in production : _ba machine-shop manual on the statistical method of controlling product quality during manufacture / _cby H. Rissik ; with a foreword by Sir Frank Gill. |
| 260 |
_aLondon : _bPitman, _c1947. |
||
| 300 |
_axvii, 181 p. : _bill. ; _c22 cm. |
||
| 500 | _aIncludes index. | ||
| 504 | _aBibliography: p. 156-160. | ||
| 650 | 0 |
_aProduction management _xQuality control. _9233386 |
|
| 650 | 0 |
_aManufacturing processes _xQuality control. _9233387 |
|
| 650 | 0 |
_aQuality control _xStatistical methods. _9233388 |
|
| 700 |
_aGill, Frank _9233392 |
||
| 942 |
_2ddc _cBK |
||
| 999 |
_c76002 _d76002 |
||